000 00252nam a22001097a 4500
041 _aENG
245 _aPenntap And The Pennsylvania State University Present
260 _aDelhi
_bSpring.
_c1969
300 _a143
650 _aGAE (15)
856 _uGAE (15)
999 _c2985
_d2985